| 000 | 00366nam a2200145Ia 4500 | ||
|---|---|---|---|
| 008 | 230917s9999||||xx |||||||||||||| ||und|| | ||
| 040 |
_e218183 _aMAIN |
||
| 041 | _aEnglish | ||
| 082 | _a361.6 A14S | ||
| 100 | _aAnand Prakash | ||
| 245 | 0 | _aSocial welfare and administration | |
| 260 |
_aNew Delhi _bRBSA Publishers _c2013 |
||
| 300 | _avii, 297 p. | ||
| 942 | _cBK | ||
| 999 |
_c179583 _d179583 |
||